اعمال الصيرفة الالكترونية : (Record no. 62328)
[ view plain ]
| 000 -الفاتح | |
|---|---|
| حقل البيانات ثابتة الطول | 00797nam a22001937a 4500 |
| 005 - وقت وتاريخ اخر تعامل مع التسجيلة | |
| رقم الضبط | 20240530110544.0 |
| 008 - عناصر البيانات ثابتة الطول - معلومات عامة | |
| حقل البيانات ثابتة الطول | 160519s2014 ua a|||g b||| 00| 0 eng d |
| 017 ## - رقم الايداع القانونى | |
| رقم الايداع القانونى | 11766 |
| المصدر ( الهيئة المختصة) | مصر. دار الكتب |
| التاريخ | 2013 |
| 040 ## - مصدر الفهرسة | |
| وكالة الفهرسة الأصلية | EG-CaGPL |
| 082 04 - رقم تصنيف ديوى العشرى | |
| رقم التصنيف | 332.10285 |
| رقم المادة | ا ا |
| رقم الطبعة | 21 |
| 100 0# - المدخل الرئيسى - إسم شخصى | |
| الإسم الشخصى | احمد بوراس |
| 245 00 - بيان العنوان | |
| العنوان | اعمال الصيرفة الالكترونية : |
| بقية العنوان | الادوات والمخاطر = E-banking business : tools & risks / |
| بيان المسئوليه,etc | اعداد احمد بوراس، السعيد بريكة. |
| 250 ## - بيان الطبعة | |
| بيان الطبعة | ط. 1. |
| 260 ## - PUBLICATION, DISTRIBUTION, ETC. (IMPRINT) | |
| تاريخ النشر أو التوزيع | 2014. |
| 300 ## - الوصف المادى | |
| التعداد | 341 ص. : |
| تفاصيل ماديه اخرى للوعاء | ايض. ؛ |
| أبعاد الوعاء | 25 سم. |
| 504 ## - تبصرة ببليوجرافية | |
| تبصرة ببليوجرافية,الخ | ببليوجرافية : ص. 313-332. |
| 700 0# - المدخل الاضافى - اسم شخصى | |
| الإسم الشخصى | السعيد بريكة |
| الدور | معد. |
| 942 ## - عناصر المدخل الإضافي( كوها) | |
| مصدر التصنيف او مخطط الترفيف | Dewey Decimal Classification |
| Koha [default] item type | كتاب |
| 260 ## - PUBLICATION, DISTRIBUTION, ETC. (IMPRINT) | |
| -- | القاهرة ؛ الكويت ؛ الجزائر : |
| -- | دار الكتاب الحديث، |
| حالة التراجع | حالة الفقد | حالة تلف | ليس للاعارة | المكان المؤقت | الموقع الحالى | تاريخ الاكتساب | اجمالي اﻻعارات | رقم الطلب | الباركود | تاريخ اخر مشاهدة | تاريخ تفعيل السعر | نوع وعاء كوها |
|---|---|---|---|---|---|---|---|---|---|---|---|---|
| مكتبة القاهرة الكبرى | مكتبة القاهرة الكبرى | 05/19/2016 | 332.10285 ا ا | 162015 | 05/19/2016 | 05/19/2016 | كتاب |

